[Event "IECC CL7-2013.02 email"]
[Site "IECC email"]
[Date "2013.03.19"]
[Round "?"]
[White "Cunningham, Don"]
[Black "Martin Sevillano, Koldo"]
[Result "0-1"]
[WhiteElo "878"]
[BlackElo "1124"]
[PlyCount "34"]
[EventDate "2013.??.??"]
[EventType "tourn (corr)"]
[EventRounds "4"]
[SourceTitle "Corr 2020"]
[Source "ChessBase"]
[SourceDate "2019.09.30"]
[SourceVersion "1"]
[SourceVersionDate "2019.09.30"]
[SourceQuality "1"]
[WhiteTeam "United States"]
[BlackTeam "Spain"]
[WhiteTeamCountry "USA"]
[BlackTeamCountry "ESP"]

1. d4 Nf6 2. Nf3 g6 3. g3 Bg7 4. e3 0-0 5. Bd3 b6 6. 0-0 Bb7 7. Nh4 d6 8. f3 Nbd7 9. Nc3 e5 10. dxe5 Nxe5 11. f4 Nxd3 12. Qxd3 Re8 13. f5 Ne4 14. Rf4 g5 15. Rxe4 Bxe4 16. Nxe4 gxh4 17. gxh4 Qxh4 0-1

[Event "IECC M1-2010.T076"]
[Site "IECC email"]
[Date "2010.09.30"]
[Round "?"]
[White "Cunningham, Don"]
[Black "Mitchell, TT."]
[Result "0-1"]
[WhiteElo "926"]
[BlackElo "885"]
[PlyCount "127"]
[EventDate "2010.??.??"]
[EventType "match (corr)"]
[EventRounds "2"]
[SourceTitle "Telechess CBM 145"]
[Source "Chessbase"]
[SourceDate "2011.11.11"]
[SourceVersion "1"]
[SourceVersionDate "2011.11.11"]
[SourceQuality "1"]
[WhiteTeam "US of America"]
[BlackTeam "US of America"]
[WhiteTeamCountry "USA"]
[BlackTeamCountry "USA"]

1. d4 d5 2. Nf3 Bf5 3. Nbd2 f6 4. e3 g6 5. Bd3 Bxd3 6. cxd3 Qd7 7. 0-0 Na6 8. Re1 0-0-0 9. Qb3 e6 10. e4 Nh6 11. e5 Bg7 12. Qc3 f5 13. b4 b5 14. Bb2 Bf8 15. a3 c6 16. Rec1 c5 17. dxc5 Kc7 18. Nd4 Rb8 19. f3 Nf7 20. f4 Nd8 21. Rf1 Qc8 22. a4 bxa4 23. Rxa4 Kb7 24. Ra5 Nc6 25. Nxc6 Kxc6 26. d4 Rxb4 27. Rxa6+ Qxa6 28. Qxb4 Be7 29. Nb3 Rc8 30. Na5+ Kc7 31. Ra1 Rb8 32. Qc3 Qe2 33. Ba3 Rb5 34. Re1 Qa2 35. h3 Rb1 36. Rxb1 Qxb1+ 37. Kh2 Bh4 38. g3 Qa2+ 39. Kg1 Qb1+ 40. Bc1 Bxg3 41. Qxg3 Qxc1+ 42. Kh2 Qd2+ 43. Qg2 Qxa5 44. Qg5 Qd2+ 45. Kg1 Qxd4+ 46. Kg2 Qe4+ 47. Kh2 Qc2+ 48. Kh1 Qc1+ 49. Kh2 Qxc5 50. Qh6 a5 51. Qxh7+ Kb6 52. Qxg6 Qf2+ 53. Kh1 Qf1+ 54. Kh2 Qxf4+ 55. Qg3 Qxg3+ 56. Kxg3 a4 57. Kh4 a3 58. Kg5 a2 59. Kf6 f4 60. Kxe6 a1Q 61. Kd6 Qa3+ 62. Kxd5 f3 63. Ke6 f2 64. Kf6 0-1

[Event "IECC M1-2010.T016"]
[Site "IECC email"]
[Date "2010.02.11"]
[Round "?"]
[White "Cunningham, Don"]
[Black "Mitchell, Robert S"]
[Result "1/2-1/2"]
[WhiteElo "1025"]
[BlackElo "881"]
[PlyCount "48"]
[EventDate "2010.??.??"]
[EventType "match (corr)"]
[EventRounds "2"]
[SourceTitle "Corr 2013"]
[Source "ChessBase"]
[SourceDate "2012.11.12"]
[SourceVersion "1"]
[SourceVersionDate "2012.11.12"]
[SourceQuality "1"]
[WhiteTeam "US of America"]
[BlackTeam "US of America"]
[WhiteTeamCountry "USA"]
[BlackTeamCountry "USA"]

1. Nf3 d6 2. d4 f6 3. e4 a6 4. d5 Bd7 5. Bd3 e6 6. 0-0 Ne7 7. Bc4 Bb5 8. Bd3 Bd7 9. c4 exd5 10. exd5 g6 11. Nbd2 Bh6 12. b3 0-0 13. Nh4 Qe8 14. Ne4 g5 15. Nf3 Qf7 16. Qc2 Bf5 17. Re1 Nd7 18. Ng3 Bxd3 19. Qxd3 Nc5 20. Qc3 Bg7 21. Bd2 f5 22. Nd4 a5 23. a4 Bxd4 24. Qxd4 Nxb3 1/2-1/2

[Event "IECC M1-2009.T91"]
[Site "IECC email"]
[Date "2009.08.22"]
[Round "?"]
[White "Cunningham, Don"]
[Black "Mitchell, TT."]
[Result "1-0"]
[WhiteElo "1039"]
[BlackElo "1865"]
[PlyCount "121"]
[EventDate "2009.??.??"]
[EventType "match (corr)"]
[EventRounds "2"]
[SourceTitle "Telechess CBM 137"]
[Source "ChessBase"]
[SourceDate "2010.07.15"]
[SourceVersion "1"]
[SourceVersionDate "2010.07.15"]
[SourceQuality "1"]
[WhiteTeam "US of America"]
[WhiteTeamCountry "USA"]

1. d4 d5 2. Nf3 e6 3. e3 a6 4. Bd3 g6 5. 0-0 Be7 6. Re1 Bf6 7. Nbd2 Ne7 8. e4 0-0 9. e5 Bg7 10. c4 Bd7 11. cxd5 exd5 12. b3 Re8 13. Bb2 Nc8 14. Rc1 Nc6 15. a3 Re7 16. b4 b5 17. Bc3 Bh6 18. a4 Nb8 19. a5 Be6 20. Nh4 Na7 21. Rc2 Bg5 22. g3 Bh3 23. Ndf3 Bh6 24. Rce2 Bg4 25. Bd2 Bxd2 26. Qxd2 Qf8 27. Re3 Nbc6 28. Ng5 Nxd4 29. Qc3 Ne6 30. Nxe6 fxe6 31. Bf1 g5 32. Ng2 Rc8 33. Qd4 Nc6 34. Qxg4 Qg7 35. h4 gxh4 36. Qxg7+ Rxg7 37. gxh4 Nd4 38. Rg3 Rxg3 39. fxg3 Nf3+ 40. Kf2 Nxe1 41. Nxe1 Rf8+ 42. Kg2 Rc8 43. Nf3 h6 44. Nd4 Kf7 45. Be2 c6 46. Kf3 Ke7 47. Kg4 Rg8+ 48. Kh3 Kd7 49. Bh5 Rf8 50. Bg4 Rf1 51. Nxe6 Rb1 52. Nc5+ Ke7 53. Nxa6 d4 54. Bf5 Rd1 55. Nc5 Rf1 56. Be4 Re1 57. Bxc6 Rxe5 58. Bxb5 Re1 59. a6 Ra1 60. Na4 Rb1 61. a7 1-0

[Event "IECC M1-2009.T91"]
[Site "IECC email"]
[Date "2009.08.22"]
[Round "?"]
[White "Mitchell, TT."]
[Black "Cunningham, Don"]
[Result "1-0"]
[WhiteElo "901"]
[BlackElo "1041"]
[PlyCount "105"]
[EventDate "2009.??.??"]
[EventType "match (corr)"]
[EventRounds "2"]
[SourceTitle "Telechess CBM 149"]
[Source "ChessBase"]
[SourceDate "2012.07.17"]
[SourceVersion "1"]
[SourceVersionDate "2012.07.17"]
[SourceQuality "1"]
[WhiteTeam "US of America"]
[BlackTeam "US of America"]
[WhiteTeamCountry "USA"]
[BlackTeamCountry "USA"]

1. e4 Nf6 2. d3 Nc6 3. Nf3 e5 4. h3 Bb4+ 5. c3 Ba5 6. b4 Bb6 7. Be2 a5 8. Ba3 d5 9. bxa5 Bxa5 10. 0-0 dxe4 11. dxe4 Qxd1 12. Rxd1 Rb8 13. Bd3 b5 14. Bc5 b4 15. cxb4 Bxb4 16. Bxb4 Nxb4 17. Nxe5 0-0 18. Bc4 Bb7 19. Bxf7+ Kh8 20. Bb3 Bxe4 21. Nc3 Bf5 22. Rd2 Rbe8 23. Nf7+ Rxf7 24. Bxf7 Rf8 25. Bc4 Nc6 26. f3 Ne5 27. Be2 g5 28. g4 Be6 29. Rb1 Kg7 30. Rb7 Rf7 31. Nb5 Bd5 32. Rxc7 Nxf3+ 33. Bxf3 Bxf3 34. Rxf7+ Kxf7 35. Nd6+ Ke6 36. Nb5 Bd5 37. Nd4+ Ke5 38. Nb5 Ne4 39. Rc2 Kf4 40. Nc7 Bf7 41. Kg2 Ke5 42. Nb5 Bd5 43. Kh2 Kf4 44. Nc7 Bf7 45. Rb2 h5 46. gxh5 Bxh5 47. Nd5+ Ke5 48. Nb6 Bf3 49. Rb5+ Kf4 50. Nd5+ Ke5 51. Nc3+ Kd4 52. Nxe4 Kxe4 53. Rxg5 1-0

[Event "IECC M1-2009.T86"]
[Site "IECC email"]
[Date "2009.08.15"]
[Round "?"]
[White "Reni, Norbert"]
[Black "Cunningham, Don"]
[Result "1-0"]
[WhiteElo "1135"]
[BlackElo "1038"]
[PlyCount "90"]
[EventDate "2009.??.??"]
[EventType "match (corr)"]
[EventRounds "2"]
[SourceTitle "Telechess CBM 137"]
[Source "ChessBase"]
[SourceDate "2010.07.15"]
[SourceVersion "1"]
[SourceVersionDate "2010.07.15"]
[SourceQuality "1"]
[WhiteTeam "Australia"]
[BlackTeam "US of America"]
[WhiteTeamCountry "AUS"]
[BlackTeamCountry "USA"]

1. e4 Nc6 2. Nf3 e5 3. c3 Bc5 4. d4 exd4 5. cxd4 Bb6 6. Be3 Nf6 7. Qc2 0-0 8. Nc3 Re8 9. Bc4 Nb4 10. Qb3 Qe7 11. e5 Ng4 12. Bg5 Qf8 13. 0-0 Nc6 14. Qd1 Nh6 15. a3 d6 16. Nd5 dxe5 17. Nxb6 axb6 18. dxe5 Nxe5 19. Nxe5 Rxe5 20. Bc1 Be6 21. Qd4 Bxc4 22. Qxc4 Rae8 23. Qxc7 Qe7 24. Qxb6 Re1 25. Be3 Rxa1 26. Rxa1 Nf5 27. Bd2 Nh4 28. Qe3 Qxe3 29. Bxe3 h6 30. a4 Nf5 31. Bc5 Rc8 32. b4 Rc6 33. a5 Nd6 34. Rd1 Ne4 35. Rd8+ Kh7 36. Rd5 Re6 37. g3 Rg6 38. Be7 Re6 39. Rd7 b5 40. Rb7 Nc3 41. Bc5 Re1+ 42. Kg2 Kg6 43. a6 Re8 44. a7 Ra8 45. Rb8 Rxa7 1-0

[Event "IECC CL8-2009.03 email"]
[Site "IECC email"]
[Date "2009.05.20"]
[Round "?"]
[White "Cunningham, Don"]
[Black "Robertson, John"]
[Result "0-1"]
[WhiteElo "997"]
[BlackElo "1040"]
[PlyCount "122"]
[EventDate "2009.??.??"]
[EventType "tourn (corr)"]
[EventRounds "4"]
[SourceTitle "Corr 2011"]
[Source "ChessBase"]
[SourceDate "2010.08.31"]
[SourceVersion "1"]
[SourceVersionDate "2010.08.31"]
[SourceQuality "1"]
[WhiteTeam "US of America"]
[BlackTeam "Australia"]
[WhiteTeamCountry "USA"]
[BlackTeamCountry "AUS"]

1. d4 Nf6 2. e3 d5 3. Bd3 g6 4. Nf3 Bh6 5. 0-0 Qd6 6. Ne5 Nfd7 7. Re1 Nxe5 8. dxe5 Qxe5 9. Bb5+ c6 10. Ba4 0-0 11. Nd2 b5 12. Bb3 Qg5 13. Nf3 Qf6 14. e4 Bxc1 15. Qxc1 Bg4 16. exd5 Bxf3 17. gxf3 Qxf3 18. Qe3 Qxe3 19. fxe3 c5 20. c4 a6 21. e4 Nd7 22. e5 f6 23. e6 bxc4 24. exd7 cxb3 25. axb3 Rf7 26. Ra5 Rd8 27. Rxc5 Rxd7 28. Rd1 Rd6 29. Rc6 Rf8 30. Rxd6 exd6 31. Rc1 Kg7 32. Rc6 Rb8 33. Rxd6 Rxb3 34. Rxa6 Rxb2 35. Ra7+ Kh6 36. d6 Rb8 37. d7 Rd8 38. Kg2 g5 39. Kg3 Kh5 40. Kf3 Kg6 41. Ke4 Kf7 42. Kd5 Ke7 43. Kc6 h5 44. Kd5 Rxd7+ 45. Rxd7+ Kxd7 46. Ke4 Ke7 47. Kf5 Kf7 48. Ke4 Kg6 49. Kf3 h4 50. Kg2 g4 51. Kh1 f5 52. Kg1 Kg5 53. Kg2 f4 54. h3 f3+ 55. Kh2 g3+ 56. Kg1 Kf4 57. Kh1 f2 58. Kg2 Ke3 59. Kf1 Kd2 60. Kg2 Ke2 61. Kh1 f1Q# 0-1

[Event "IECC CL8-2009.03 email"]
[Site "IECC email"]
[Date "2009.05.20"]
[Round "?"]
[White "Mitchell, TT."]
[Black "Cunningham, Don"]
[Result "0-1"]
[WhiteElo "1000"]
[BlackElo "980"]
[PlyCount "64"]
[EventDate "2009.??.??"]
[EventType "tourn (corr)"]
[EventRounds "4"]
[SourceTitle "Corr 2011"]
[Source "ChessBase"]
[SourceDate "2010.08.31"]
[SourceVersion "1"]
[SourceVersionDate "2010.08.31"]
[SourceQuality "1"]
[WhiteTeam "US of America"]
[BlackTeam "US of America"]
[WhiteTeamCountry "USA"]
[BlackTeamCountry "USA"]

1. e4 Nc6 2. Nf3 e5 3. c3 Nf6 4. d3 d5 5. Qe2 dxe4 6. dxe4 Bd6 7. Nbd2 Be6 8. Qd3 0-0 9. h3 Na5 10. Ng5 Qd7 11. Nxe6 Qxe6 12. Be2 Nc6 13. 0-0 Rad8 14. Qc2 Bc5 15. Bc4 Qd7 16. Kh2 Ne7 17. Nf3 Qd6 18. a4 Nc6 19. b4 Bxb4 20. cxb4 Nxb4 21. Qe2 Nc6 22. Ba3 Nb4 23. Bxb4 Qxb4 24. Rfb1 Qc3 25. Rb3 Qxa1 26. Nxe5 Qxe5+ 27. g3 Rd4 28. Bd3 Nxe4 29. f3 Qd5 30. fxe4 Qxb3 31. Bc2 Qb2 32. Kg1 Qc3 0-1

[Event "IECC M1-2009.T46"]
[Site "IECC email"]
[Date "2009.04.23"]
[Round "?"]
[White "Cunningham, Don"]
[Black "Mitchell, TT."]
[Result "1-0"]
[WhiteElo "993"]
[BlackElo "987"]
[PlyCount "103"]
[EventDate "2009.??.??"]
[EventType "match (corr)"]
[EventRounds "2"]
[SourceTitle "Corr 2011"]
[Source "ChessBase"]
[SourceDate "2010.08.31"]
[SourceVersion "1"]
[SourceVersionDate "2010.08.31"]
[SourceQuality "1"]
[WhiteTeam "US of America"]
[BlackTeam "US of America"]
[WhiteTeamCountry "USA"]
[BlackTeamCountry "USA"]

1. e4 Nf6 2. d3 e5 3. Nd2 Bb4 4. c3 Be7 5. Ngf3 0-0 6. Nxe5 d6 7. Nef3 Bg4 8. d4 Bxf3 9. Qxf3 c6 10. Bd3 Qd7 11. Be2 h6 12. 0-0 b5 13. e5 dxe5 14. dxe5 Nd5 15. b4 Qe6 16. Qg3 f6 17. c4 Nc3 18. Bd3 Bxb4 19. a3 Ba5 20. Nb3 Bc7 21. Qg6 Bxe5 22. Qh7+ Kf7 23. Bg6+ Ke7 24. Qxg7+ Rf7 25. Bxf7 Qxf7 26. Qxf7+ Kxf7 27. Bxh6 Ne2+ 28. Kh1 Bxa1 29. Rxa1 Nc3 30. Nd4 bxc4 31. Re1 a5 32. Rc1 Ne4 33. Rxc4 Nxf2+ 34. Kg1 Ng4 35. Bf4 Ne5 36. Bxe5 fxe5 37. Nxc6 Nxc6 38. Rxc6 Ra7 39. Kf2 Ke7 40. g4 Kd7 41. Rh6 Ra8 42. g5 Rf8+ 43. Ke3 Ke7 44. Ke4 Rf1 45. Kxe5 Re1+ 46. Kf5 Rf1+ 47. Kg6 Ke6 48. Kg7+ Ke7 49. Rh3 Rf7+ 50. Kh6 Kf8 51. Rc3 Kg8 52. Rc8+ 1-0

[Event "IECC M1-2008.T84"]
[Site "IECC email"]
[Date "2008.11.12"]
[Round "?"]
[White "Cunningham, Don"]
[Black "Mitchell, TT."]
[Result "0-1"]
[WhiteElo "941"]
[BlackElo "941"]
[PlyCount "139"]
[EventDate "2008.??.??"]
[EventType "match (corr)"]
[EventRounds "2"]
[SourceTitle "Corr 2011"]
[Source "ChessBase"]
[SourceDate "2010.08.31"]
[SourceVersion "1"]
[SourceVersionDate "2010.08.31"]
[SourceQuality "1"]
[WhiteTeam "US of America"]
[BlackTeam "US of America"]
[WhiteTeamCountry "USA"]
[BlackTeamCountry "USA"]

1. Nc3 b6 2. d4 Ba6 3. Nf3 d6 4. e4 Bxf1 5. Rxf1 e6 6. Bg5 f6 7. Bh4 g5 8. Bg3 Nh6 9. d5 e5 10. Qe2 Qd7 11. Nd2 Qf7 12. f3 Be7 13. 0-0-0 a6 14. h3 Nd7 15. h4 Qg6 16. hxg5 Qxg5 17. Qf2 Rg8 18. Ne2 Qg7 19. Rh1 Kd8 20. Rdg1 Nf7 21. Kb1 h6 22. Bh4 Qh8 23. Nc4 Ke8 24. Ng3 Rg6 25. Nf5 Bf8 26. g4 a5 27. Bg3 Nc5 28. Na3 Nd8 29. Nb5 Kd7 30. Nh4 Rg7 31. b3 Ncb7 32. Nf5 Rg6 33. Rh2 Nf7 34. Rd1 Rg8 35. Rd3 Nc5 36. Rd2 Kc8 37. Qe3 Rg6 38. c4 Kd7 39. Nc3 Kc8 40. Ne2 Qh7 41. Rh4 Qh8 42. Rd1 Qh7 43. Rdh1 Qh8 44. f4 Kd7 45. fxe5 fxe5 46. Ng1 Re8 47. Bf2 Be7 48. R4h2 Bg5 49. Qh3 Nxe4 50. Be3 Bxe3 51. Qxe3 Neg5 52. Nf3 Nxf3 53. Qxf3 Ng5 54. Qg2 Nf7 55. Rh5 Reg8 56. R5h4 Kd8 57. R1h2 Kd7 58. Qg3 Ke8 59. Rh5 Rxg4 60. Qh3 Rg1+ 61. Kb2 R1g6 62. b4 axb4 63. Qb3 e4+ 64. Kb1 Rg1+ 65. Kc2 R8g2+ 66. Rxg2 Rxg2+ 67. Kb1 Rg1+ 68. Kc2 Rg2+ 69. Kc1 Qa1+ 70. Qb1 0-1

[Event "IECC CL8-2008.04 email"]
[Site "IECC email"]
[Date "2008.08.25"]
[Round "?"]
[White "Cunningham, Don"]
[Black "Magee, Kerry"]
[Result "1/2-1/2"]
[WhiteElo "906"]
[BlackElo "868"]
[PlyCount "99"]
[EventDate "2008.??.??"]
[EventType "tourn (corr)"]
[EventRounds "4"]
[SourceTitle "Corr 2011"]
[Source "ChessBase"]
[SourceDate "2010.08.31"]
[SourceVersion "1"]
[SourceVersionDate "2010.08.31"]
[SourceQuality "1"]
[WhiteTeam "US of America"]
[BlackTeam "US of America"]
[WhiteTeamCountry "USA"]
[BlackTeamCountry "USA"]

1. Nc3 d5 2. Nf3 Nf6 3. d4 Nc6 4. e3 Bg4 5. Be2 e6 6. Ne5 Bxe2 7. Qxe2 Nxe5 8. dxe5 Ne4 9. Nxe4 dxe4 10. 0-0 Be7 11. Bd2 0-0 12. Rad1 c6 13. Bc3 Qc7 14. Qh5 Rad8 15. Rd2 Rd5 16. Qg4 f6 17. Qxe4 Rxd2 18. Bxd2 Qxe5 19. Qxe5 fxe5 20. f4 Bd6 21. Bc3 exf4 22. e4 e5 23. Rd1 Bc5+ 24. Kh1 Bd4 25. Bxd4 exd4 26. Rxd4 Re8 27. h3 c5 28. Rd7 Rxe4 29. Rxb7 Re2 30. c3 Rc2 31. Rb8+ Kf7 32. Rb7+ Kg6 33. Rxa7 Rxb2 34. a4 h6 35. Ra6+ Kh7 36. a5 Ra2 37. Ra8 h5 38. a6 h4 39. Rc8 Rxa6 40. Rxc5 Kh6 41. Rc7 g5 42. c4 Ra1+ 43. Kh2 Rc1 44. c5 Rc3 45. c6 Kh5 46. Rc8 Kg6 47. c7 Kf7 48. Rh8 Rxc7 49. Rh7+ Kg6 50. Rxc7 1/2-1/2

[Event "IECC M1-2008.T13"]
[Site "IECC email"]
[Date "2008.02.14"]
[Round "?"]
[White "Cunningham, Don"]
[Black "Mitchell, Robert S"]
[Result "0-1"]
[WhiteElo "974"]
[BlackElo "953"]
[PlyCount "86"]
[EventDate "2008.??.??"]
[EventType "match (corr)"]
[EventRounds "2"]
[SourceTitle "Corr 2013"]
[Source "ChessBase"]
[SourceDate "2012.11.12"]
[SourceVersion "1"]
[SourceVersionDate "2012.11.12"]
[SourceQuality "1"]
[WhiteTeam "Hungary"]
[BlackTeam "South Africa"]
[WhiteTeamCountry "HUN"]
[BlackTeamCountry "RSA"]

1. d4 d5 2. Nc3 c6 3. e4 Be6 4. e5 h5 5. f4 Bg4 6. Qd2 Bf5 7. Nf3 f6 8. Nh4 Bh7 9. f5 Nd7 10. e6 Nb6 11. Qe3 Nc4 12. Bxc4 dxc4 13. Bd2 Nh6 14. Qf3 Qxd4 15. Qf4 Qxf4 16. Bxf4 Nxf5 17. Nf3 Bg8 18. 0-0-0 Bxe6 19. Rhe1 Bf7 20. Ne4 e6 21. Nd4 Nxd4 22. Bd6 Be7 23. Bxe7 Nxc2 24. Kxc2 Kxe7 25. Nc5 Bg6+ 26. Kc1 Bf5 27. Nxb7 Rab8 28. Nc5 Rbd8 29. Nb7 Rxd1+ 30. Rxd1 Rb8 31. Nc5 Ke8 32. Rd7 Rb5 33. Rxg7 Rxc5 34. Rxa7 Re5 35. Rc7 Re1+ 36. Kd2 Rg1 37. Rxc6 Rxg2+ 38. Kc3 Rc2+ 39. Kb4 Rxb2+ 40. Ka3 Rxh2 41. Rxc4 Bb1 42. Rc8+ Kd7 43. Rb8 Rxa2+ 0-1

[Event "IECC M1-2007.T81"]
[Site "IECC email"]
[Date "2007.12.12"]
[Round "?"]
[White "Cunningham, Don"]
[Black "Mitchell, T T"]
[Result "1-0"]
[WhiteElo "977"]
[BlackElo "971"]
[PlyCount "47"]
[EventDate "2007.??.??"]
[EventType "match (corr)"]
[EventRounds "2"]
[SourceTitle "Corr 2020"]
[Source "ChessBase"]
[SourceDate "2019.09.30"]
[SourceVersion "1"]
[SourceVersionDate "2019.09.30"]
[SourceQuality "1"]
[WhiteTeam "United States"]
[BlackTeam "United States"]
[WhiteTeamCountry "USA"]
[BlackTeamCountry "USA"]

1. d4 b6 2. e4 Bb7 3. Nc3 d5 4. Nf3 dxe4 5. Ne5 a6 6. Be2 g6 7. f3 exf3 8. Bxf3 Bxf3 9. gxf3 f6 10. Ng4 Qd6 11. Be3 h5 12. Nf2 Qe6 13. Qd3 f5 14. 0-0-0 c6 15. d5 cxd5 16. Nxd5 Ra7 17. Bxb6 Rd7 18. Qc4 Bh6+ 19. Kb1 Bf4 20. Qxf4 Rxd5 21. Bd4 Rh7 22. Qxb8+ Kf7 23. Nh3 Qd7 24. Ng5# 1-0